000 00292nam a22001337a 4500
008 171017b xxu||||| |||| 00| 0 eng d
020 _a9781429217569
041 _aeng
080 _a331.101.262
100 _a52
101 _abnj
245 _aMICROECONOMICS
_cKRUGMAN, P
942 _2udc
_cBK
999 _c34390
_d34390